000
00250nam a2200097Ia 4500
001
1002931
005
20250826230439.0
008
250824s9999 xx 000 0 und d
245
0
_a
ZAMANA AÇILAN KAPI
_c
BİLGİN ADALI
260
_b
HEP KİTAP YAYINLARI
999
_c
1002931
_d
1002931